| 000 | 00404 a2200145 4500 | ||
|---|---|---|---|
| 999 |
_c8157 _d8157 |
||
| 020 | _a9781442206946 | ||
| 050 | _aLB1028.4 ALB 2011 | ||
| 100 |
_aAlber, Sandra M. _eathour |
||
| 245 | _aA toolkit for action research/ | ||
| 264 |
_aUK: _bRowman &Littlefield Publisher; _c2011 |
||
| 300 |
_axiii,185p.; _bill |
||
| 500 | _aInclude reference | ||
| 650 | _aCurrent research | ||
| 942 |
_2lcc _cBK _h1028.4 _iALB _kLB |
||